000 01677cam a22002054a 4500
005 20250605164236.0
008 250528s ||||||||||||||||||||||||d
035 _a21148
020 _a9789604065578
040 _aGR-AtMCL
_bgre
_dGR-AtMCL
_eAACR2
245 1 _aΕκπαιδεύοντας Ψυχολόγους στη Συμβουλευτική / 2η Έκδοση
250 _a
260 _bΕλληνικά Γράμματα,
_c2009
300 _a256
520 _aΣτόχος αυτού του βιβλίου είναι αφενός να αναδείξει την αναγκαιότητα της καλής γνώσης συμβουλευτικών δεξιοτήτων από τους ψυχολόγους όλων των ειδικοτήτων και από άλλους σχετικούς επαγγελματίες, και αφετέρου να περιγράψει τα στοιχεία που συνθέτουν μια ολοκληρωμένη εκπαίδευση στη συμβουλευτική. Εισαγωγή, Ψυχοδυναμικές Θεωρίες, Συμπεριφοριστικές Θεωρίες, Προσωποκεντρική Θεωρία, Θεωρίες Μικρότερης Εμβέλειας, Η Συμβουλευτική Πράξη, Η Συμβουλευτική Διαδικασία, Η Συμβουλευτική Ψυχολογία σε 14 Εβδομάδες, Προπαρασκευαστικές Δεξιότητες, Σύνδεση Θεωρίας και Πράξης, Τελικό Σχόλιο, Βιβλιογραφία.
700 1 _aΓεωργίου Στέλιος Ν
_97178
942 _cBK
999 _c6216
_d6216